00402nam a2200157 a 4500020001900000020001500019082001300034100002200047245004300069260003600112300000900148500003500157505001700192650001300209700002200222 a978-0836918069 a083691806100a266bFOR aForman, Charles W aChristianity in the Non-Western World. aNew JerseybPrentice-Hallc1967 a146p aincludes index and biblioraphy2 aBibliography aMissions1 aForman, Charles W